| 000 | 00649nam a2200229Ia 4500 | ||
|---|---|---|---|
| 003 | OSt | ||
| 005 | 20221002052137.0 | ||
| 006 | a|||||r|||| 00| 0 | ||
| 007 | ta | ||
| 008 | 220930b |||||||| |||| 00| 0 eng d | ||
| 024 | _a41002 | ||
| 037 | _cReference Collections | ||
| 040 |
_aCRL _cCRL _beng |
||
| 041 |
_2eng _aeng |
||
| 082 | _aO111,1M09k, K7(RR) | ||
| 100 | _aBaker Arthur E | ||
| 245 | 0 | _aConcordance to the poetical and dramatic works of Alfred Lord Tennyson | |
| 260 | _c1967 | ||
| 650 | _aENGLISH LITERATURE | ||
| 942 |
_hO111,1M09k, K7(RR) _cref _2CC |
||
| 999 |
_c918776 _d918776 |
||